Marvel's Agents Of S.H.I.E.L.D. - Statistics

General Stats
  • This quiz has been taken 2,193 times
    1,994 since last reset
  • The average score is 10 of 16
Answer Stats
Hint Answer % Correct
The (not-so) Dead Guy. Phil Coulson
95%
The Hacker. Skye
93%
I'm Engineering. Leo Fitz
92%
She's Biochem. Jemma Simmons
91%
The Cavalry. Melinda May
91%
The Specialist. Grant Ward
85%
What Skye really is. Inhuman
78%
A magical place. Tahiti
74%
The name of the special gun made by FitzSimmons. ICEr
65%
Newest female to join team in season 2 Bobbi Morse
55%
Special Guest in 2nd Episode (0-8-4) Nick Fury
51%
The main villain of season 1. The Clairvoyant
44%
Their first mission target. Mike Peterson
38%
The new name of their first mission target. Deathlok
37%
Evil Businessman. Ian Quinn
28%
Joins the team towards the end of season 1. Antoine Triplett
27%
No matching quizzes found
Score Distribution
Percent of People with Each Score
Percentile by Number Answered
Your Score History
You have not taken this quiz since the last reset